[Event "40th Trust Open A-Grade"]
[Site "Waitakere, NZL NZL"]
[Date "2017.06.05"]
[Round "5"]
[White "Runcan, Daniel-Ioan"]
[Black "Milligan, Helen"]
[Result "1/2-1/2"]
[WhiteElo "1995"]
[BlackElo "2116"]
[PlyCount "63"]
[EventDate "2017.06.03"]

1. e4 e5 2. Bc4 Nf6 3. d3 Nc6 4. Bg5 Be7 5. Nc3 d6 6. a3 Nd4 7. Nce2 Ne6 8.
Bxf6 Bxf6 9. Nf3 c6 10. O-O O-O 11. d4 Qb6 12. dxe5 dxe5 13. b3 Rd8 14. Qc1 h6
15. Rd1 Nc5 16. Rxd8+ Qxd8 17. Qe3 Qe7 18. Ng3 Be6 19. Bxe6 Nxe6 20. Nh5 Bg5
21. Qc3 g6 22. Ng3 Nd4 23. Nxd4 exd4 24. Qxd4 Bf6 25. e5 Qxe5 26. Qxe5 Bxe5 27.
Rd1 Rc8 28. Ne4 Kg7 29. g3 Rc7 30. f4 Bb2 31. Nd6 Re7 32. Nc4 1/2-1/2

[Event "40th Trust Open A-Grade"]
[Site "Waitakere, NZL NZL"]
[Date "2017.06.05"]
[Round "5"]
[White "Shen, Terry"]
[Black "Lim, Benjamin U"]
[Result "0-1"]
[WhiteElo "1892"]
[BlackElo "2044"]
[PlyCount "72"]
[EventDate "2017.06.03"]

1. d4 Nf6 2. Bf4 c5 3. c3 cxd4 4. cxd4 Qb6 5. b3 Nc6 6. e3 e5 7. dxe5 Bb4+ 8.
Nd2 Ne4 9. Ngf3 g5 10. Bxg5 Bxd2+ 11. Nxd2 Nxg5 12. Qg4 h6 13. h4 d5 14. Qf4
Ne4 15. Nxe4 dxe4 16. Bc4 Qa5+ 17. Ke2 O-O 18. Qxh6 Qxe5 19. Qg6+ Qg7 20. Qxe4
Bg4+ 21. f3 Qb2+ 22. Kf1 Qxa1+ 23. Kf2 Qb2+ 24. Kf1 Rad8 25. Qxg4+ Qg7 26.
Qxg7+ Kxg7 27. Be2 f5 28. Ke1 f4 29. exf4 Nd4 30. Kf2 Nxe2 31. Kxe2 Rfe8+ 32.
Kf2 Rd2+ 33. Kg3 Kf6 34. Kh3 Ree2 35. h5 Rxa2 36. h6 Ra6 0-1

[Event "40th Trust Open A-Grade"]
[Site "Waitakere, NZL NZL"]
[Date "2017.06.05"]
[Round "5"]
[White "Nagorski, Alex"]
[Black "Sarmiento, Noel"]
[Result "1-0"]
[WhiteElo "1924"]
[BlackElo "1906"]
[PlyCount "87"]
[EventDate "2017.06.03"]

1. e4 g6 2. d4 Bg7 3. Nc3 d6 4. Nf3 Nd7 5. Be2 c5 6. Be3 cxd4 7. Bxd4 Ngf6 8.
e5 dxe5 9. Nxe5 O-O 10. O-O Nxe5 11. Bxe5 Qa5 12. Qd4 Bf5 13. f4 Rac8 14. Rfc1
Rfd8 15. Qe3 Qc5 16. Kf2 Qxe3+ 17. Kxe3 Ng4+ 18. Bxg4 Bxg4 19. Bxg7 Kxg7 20. h3
Bd7 21. Rd1 Bc6 22. g3 Kf6 23. Rxd8 Rxd8 24. Rd1 Rxd1 25. Nxd1 e5 26. Nf2 exf4+
27. Kxf4 g5+ 28. Ke3 h5 29. Ne4+ Bxe4 30. Kxe4 Ke6 31. g4 h4 32. c4 a5 33. b3
b6 34. a3 f6 35. b4 a4 36. c5 bxc5 37. bxc5 Kd7 38. Kf5 Kc6 39. Kxf6 Kxc5 40.
Kxg5 Kc4 41. Kxh4 Kb3 42. g5 Kxa3 43. g6 Kb2 44. g7 1-0

[Event "40th Trust Open A-Grade"]
[Site "Waitakere, NZL NZL"]
[Date "2017.06.05"]
[Round "5"]
[White "Mukkattu, Philip"]
[Black "Chen, Meng Boon Marcus"]
[Result "1/2-1/2"]
[WhiteElo "1817"]
[BlackElo "1863"]
[PlyCount "46"]
[EventDate "2017.06.03"]

1. d4 d5 2. c4 c6 3. Nc3 Nf6 4. e3 e6 5. Nf3 Nbd7 6. a3 Bd6 7. cxd5 exd5 8. Bd3
O-O 9. O-O Re8 10. Re1 Ne4 11. Qc2 Ndf6 12. h3 Bd7 13. b4 Rc8 14. Bb2 Rc7 15.
Rac1 Qc8 16. Bf1 Nxc3 17. Qxc3 Ne4 18. Qb3 Re6 19. Bd3 Re7 20. Bf1 Re6 21. Bd3
Re7 22. Bf1 Re6 23. Bd3 Re7 1/2-1/2

[Event "40th Trust Open A-Grade"]
[Site "Waitakere, NZL NZL"]
[Date "2017.06.05"]
[Round "5"]
[White "Wright, Caleb"]
[Black "Qin, Nicole Shu Yu"]
[Result "1/2-1/2"]
[WhiteElo "1942"]
[BlackElo "1763"]
[PlyCount "83"]
[EventDate "2017.06.03"]

1. d4 e6 2. c4 d5 3. Nc3 c6 4. e4 Nf6 5. e5 Nfd7 6. cxd5 exd5 7. Nf3 Nb6 8. Bg5
Be7 9. Bxe7 Qxe7 10. Be2 Bf5 11. b3 N8d7 12. Qd2 h6 13. O-O O-O 14. Rfe1 Rac8
15. Rac1 Rfd8 16. Qe3 a6 17. a4 Na8 18. Nd2 Nc7 19. g4 Bh7 20. Bf3 Nf8 21. Bg2
Nfe6 22. Ne2 Ne8 23. Rc3 c5 24. Rec1 cxd4 25. Nxd4 Rxc3 26. Rxc3 Nxd4 27. Qxd4
Qd7 28. h3 Nc7 29. Qb6 Ne6 30. Kf1 Nf4 31. Rc7 Rc8 32. Rxc8+ Qxc8 33. Kg1 Bg6
34. Kh2 Qc3 35. Qe3 Qb4 36. Kg3 Nxg2 37. Kxg2 d4 38. Qe2 Bc2 39. e6 fxe6 40.
Qxe6+ Kh7 41. Ne4 Qa5 42. Nf6+ 1/2-1/2

[Event "40th Trust Open A-Grade"]
[Site "Waitakere, NZL NZL"]
[Date "2017.06.05"]
[Round "6"]
[White "Ker, Anthony F"]
[Black "Hague, Ben"]
[Result "1/2-1/2"]
[WhiteElo "2474"]
[BlackElo "2453"]
[PlyCount "78"]
[EventDate "2017.06.03"]

1. e4 c5 2. c3 d5 3. exd5 Qxd5 4. d4 Nc6 5. Nf3 Bf5 6. Be3 Nf6 7. Nbd2 cxd4 8.
Bc4 dxe3 9. Bxd5 exd2+ 10. Qxd2 O-O-O 11. Qf4 Rxd5 12. c4 g5 13. Qxg5 Ra5 14.
b4 Nxb4 15. O-O Rg8 16. Qd2 Be4 17. Rfd1 Nc6 18. Ne1 Bxg2 19. Nxg2 Rag5 20. f4
Rxg2+ 21. Qxg2 Rxg2+ 22. Kxg2 Bg7 23. Rab1 Ne4 24. Rb3 Nd4 25. Rh3 h6 26. Rhd3
Ne6 27. Kf3 Nd6 28. Rd5 Nxc4 29. Rc1 b5 30. a4 a6 31. axb5 axb5 32. Ke4 Nc7 33.
Rc5 Kd7 34. Rg1 Nd6+ 35. Ke3 Bd4+ 36. Kxd4 Ne6+ 37. Kd5 Nxf4+ 38. Ke5 Nd3+ 39.
Kd4 Nxc5 1/2-1/2

[Event "40th Trust Open A-Grade"]
[Site "Waitakere, NZL NZL"]
[Date "2017.06.05"]
[Round "6"]
[White "Gong, Daniel Hanwen"]
[Black "Goodhue, Nathan"]
[Result "1-0"]
[WhiteElo "2325"]
[BlackElo "2093"]
[PlyCount "91"]
[EventDate "2017.06.03"]

1. e4 g6 2. d4 Bg7 3. c4 d6 4. Nc3 e5 5. Nf3 Bg4 6. d5 f5 7. Be2 Nf6 8. Ng5
Bxe2 9. Qxe2 Nxe4 10. Ncxe4 fxe4 11. Ne6 Qd7 12. Qxe4 c5 13. f4 Na6 14. fxe5
Bxe5 15. O-O Nc7 16. Bf4 Nxe6 17. Bxe5 dxe5 18. Qxe5 O-O-O 19. Qxe6 Qxe6 20.
dxe6 Rde8 21. Rae1 Re7 22. Re5 b6 23. Rfe1 Rhe8 24. Kf2 Kc7 25. Kg3 Kd6 26.
Rd5+ Kc6 27. Rd7 h6 28. Rxe7 Rxe7 29. Kf4 Kd6 30. Rd1+ Kxe6 31. Re1+ Kf6 32.
Rxe7 Kxe7 33. Ke5 g5 34. g4 Kf7 35. Kf5 Kg7 36. a3 Kf7 37. h3 Kg7 38. Ke6 Kg6
39. Kd6 Kf6 40. Kc6 Ke5 41. Kb7 Kf4 42. Kxa7 Kg3 43. Kxb6 Kxh3 44. a4 h5 45.
gxh5 g4 46. h6 1-0

[Event "40th Trust Open A-Grade"]
[Site "Waitakere, NZL NZL"]
[Date "2017.06.05"]
[Round "6"]
[White "Duneas, John"]
[Black "Steadman, Michael V R"]
[Result "1-0"]
[WhiteElo "2164"]
[BlackElo "2309"]
[PlyCount "35"]
[EventDate "2017.06.03"]

1. d4 d6 2. e4 g6 3. c4 Bg7 4. Nc3 Nc6 5. Be3 e5 6. dxe5 Nxe5 7. c5 dxc5 8.
Qxd8+ Kxd8 9. Bxc5 c6 10. O-O-O+ Bd7 11. f4 Ng4 12. Be2 h5 13. h3 N4h6 14. g4
hxg4 15. hxg4 f6 16. g5 fxg5 17. fxg5 Nf7 18. Rxh8 1-0

[Event "40th Trust Open A-Grade"]
[Site "Waitakere, NZL NZL"]
[Date "2017.06.05"]
[Round "6"]
[White "Milligan, Helen"]
[Black "Picken, Oliver"]
[Result "1-0"]
[WhiteElo "2116"]
[BlackElo "1882"]
[PlyCount "43"]
[EventDate "2017.06.03"]

1. e4 c5 2. Nf3 d6 3. Bb5+ Nc6 4. d4 cxd4 5. Qxd4 Bd7 6. Bxc6 Bxc6 7. Nc3 Nf6
8. Bg5 e6 9. O-O-O Be7 10. Rhe1 Qa5 11. Kb1 Rd8 12. Qd2 O-O 13. Nd5 Qb5 14.
Nxe7+ Kh8 15. Nxc6 bxc6 16. Bxf6 gxf6 17. Re3 d5 18. Rb3 Qc4 19. e5 f5 20. Qh6
Qe2 21. Rc1 Qxf2 22. Ng5 1-0

[Event "40th Trust Open A-Grade"]
[Site "Waitakere, NZL NZL"]
[Date "2017.06.05"]
[Round "6"]
[White "Lim, Benjamin U"]
[Black "Guico, Leonides"]
[Result "1-0"]
[WhiteElo "2044"]
[BlackElo "2073"]
[PlyCount "53"]
[EventDate "2017.06.03"]

1. e4 d6 2. d4 c6 3. Nc3 Qc7 4. f4 e5 5. Nf3 Bg4 6. Be2 Nd7 7. d5 Ngf6 8. O-O
g6 9. fxe5 Bxf3 10. exf6 Bxe2 11. Qxe2 c5 12. Nb5 Qb6 13. c4 a6 14. Nc3 O-O-O
15. Be3 Ne5 16. b3 Re8 17. Na4 Qd8 18. Rab1 h5 19. h3 Bh6 20. Bxh6 Rxh6 21. b4
g5 22. bxc5 Rxf6 23. Rxf6 Qxf6 24. Qb2 dxc5 25. Qxb7+ Kd8 26. Nxc5 Qd6 27. Qa7
1-0

[Event "40th Trust Open A-Grade"]
[Site "Waitakere, NZL NZL"]
[Date "2017.06.05"]
[Round "6"]
[White "Macdonald, Paul"]
[Black "Runcan, Daniel-Ioan"]
[Result "1-0"]
[WhiteElo "2059"]
[BlackElo "1995"]
[PlyCount "67"]
[EventDate "2017.06.03"]

1. b3 Nf6 2. Bb2 d5 3. Nf3 c5 4. e3 Bf5 5. Be2 Nbd7 6. d3 e6 7. Nh4 Bg6 8. Nxg6
hxg6 9. Nd2 Bd6 10. Bf3 Qc7 11. g3 Ne5 12. Be2 Nc6 13. f4 e5 14. O-O Ne7 15.
Nf3 Ng4 16. fxe5 Nxe5 17. Qd2 f6 18. Nxe5 Bxe5 19. Bxe5 Qxe5 20. d4 Qd6 21. c4
Rd8 22. cxd5 cxd4 23. e4 Qe5 24. Bf3 f5 25. Rae1 Rd6 26. exf5 Qxf5 27. Qxd4 Qh3
28. Rf2 Kd8 29. Bg4 Nf5 30. Qe4 Qh6 31. Bxf5 gxf5 32. Qe7+ Kc8 33. Rc2+ Kb8 34.
Qc7+ 1-0

[Event "40th Trust Open A-Grade"]
[Site "Waitakere, NZL NZL"]
[Date "2017.06.05"]
[Round "6"]
[White "Morrell, Gordon"]
[Black "Zhang, Jasmine Haomo"]
[Result "1/2-1/2"]
[WhiteElo "2178"]
[BlackElo "2029"]
[PlyCount "83"]
[EventDate "2017.06.03"]

1. c4 e6 2. Nc3 d5 3. d4 Nf6 4. cxd5 exd5 5. Bg5 Be7 6. e3 O-O 7. Qc2 c6 8. Bd3
Nbd7 9. h3 Re8 10. Nf3 Ne4 11. Bxe4 Bxg5 12. Bxh7+ Kh8 13. Bd3 Bf6 14. O-O Nf8
15. Rae1 g6 16. b4 a6 17. Na4 Kg7 18. Nc5 Ne6 19. Nb3 Rh8 20. a3 Ng5 21. Nxg5
Bxg5 22. Qe2 Qf6 23. Nd2 Bh4 24. Qf3 Qg5 25. Qf4 Qh5 26. Nf3 Bf6 27. Nh2 Rh7
28. Be2 Qf5 29. Qxf5 Bxf5 30. Rc1 Be7 31. Rc3 Bd7 32. Rb1 Rhh8 33. Nf3 f6 34.
Nd2 Rhc8 35. Nb3 b6 36. Bd3 Kf7 37. f3 f5 38. Kf1 Bf6 39. e4 dxe4 40. fxe4 fxe4
41. Bxe4 Rab8 42. Rbc1 1/2-1/2

[Event "40th Trust Open A-Grade"]
[Site "Waitakere, NZL NZL"]
[Date "2017.06.05"]
[Round "6"]
[White "Nagorski, Alex"]
[Black "Shen, Terry"]
[Result "1-0"]
[WhiteElo "1924"]
[BlackElo "1892"]
[PlyCount "73"]
[EventDate "2017.06.03"]

1. e4 c5 2. Nf3 e6 3. d4 cxd4 4. Nxd4 a6 5. g3 Qc7 6. Bg2 Nc6 7. Be3 b5 8. O-O
Bb7 9. Qe2 Nf6 10. Nd2 Be7 11. c4 Nxd4 12. Bxd4 O-O 13. cxb5 axb5 14. Rfc1 Qa5
15. Nb3 Qa4 16. Bxf6 gxf6 17. Nc5 Bxc5 18. Rxc5 Bc6 19. Qg4+ Kh8 20. Rh5 Rg8
21. Qh4 Rg7 22. Qxf6 Qc4 23. Rg5 Rag8 24. h4 Qe2 25. h5 Qd2 26. Rxg7 Rxg7 27.
h6 Qg5 28. hxg7+ Qxg7 29. Qxg7+ Kxg7 30. e5 Bxg2 31. Kxg2 Kf8 32. a4 bxa4 33.
Rxa4 Ke7 34. Rc4 d5 35. exd6+ Kxd6 36. b4 Kd5 37. Rc1 1-0

[Event "40th Trust Open A-Grade"]
[Site "Waitakere, NZL NZL"]
[Date "2017.06.05"]
[Round "6"]
[White "Chen, Meng Boon Marcus"]
[Black "Wright, Caleb"]
[Result "1/2-1/2"]
[WhiteElo "1863"]
[BlackElo "1942"]
[PlyCount "61"]
[EventDate "2017.06.03"]

1. c4 e6 2. Nc3 c5 3. Nf3 b6 4. d4 cxd4 5. Nxd4 Bb7 6. Be3 Nf6 7. h3 Be7 8. Qd2
d5 9. cxd5 Nxd5 10. Nxd5 Bxd5 11. Nb5 O-O 12. Nc3 Bb7 13. Rd1 Na6 14. a3 Nc7
15. Bd4 Nd5 16. e3 Nxc3 17. Bxc3 Qxd2+ 18. Rxd2 Rfd8 19. Bd3 Re8 20. O-O g6 21.
Rfd1 Rad8 22. Kf1 f6 23. Bc4 Kf7 24. Rd7 Bc6 {(=)} 25. Rxd8 Rxd8 26. Rxd8 Bxd8
27. f3 b5 28. Bd3 e5 29. Ke2 Bb6 30. b4 Ke6 31. Kd2 1/2-1/2

[Event "40th Trust Open A-Grade"]
[Site "Waitakere, NZL NZL"]
[Date "2017.06.05"]
[Round "6"]
[White "Sarmiento, Noel"]
[Black "Mukkattu, Philip"]
[Result "0-1"]
[WhiteElo "1906"]
[BlackElo "1817"]
[PlyCount "161"]
[EventDate "2017.06.03"]

1. c4 c5 2. Nf3 Nf6 3. e3 Nc6 4. d4 cxd4 5. exd4 d5 6. h3 Bf5 7. Bd3 Bxd3 8.
Qxd3 dxc4 9. Qxc4 Rc8 10. O-O e6 11. Nc3 Be7 12. Be3 O-O 13. Qe2 Nd5 14. Bd2 a6
15. Rfd1 Bf6 16. Be1 Qd6 17. Ne4 Qb8 18. Nxf6+ Nxf6 19. Rac1 Rcd8 20. Bc3 Nd5
21. Bd2 Nf4 22. Qe4 Nxd4 23. Bxf4 Qxf4 24. Qxf4 Ne2+ 25. Kf1 Nxf4 26. g3 Nd5
27. Ke2 Rc8 28. Ne5 Rfd8 29. a3 Rxc1 30. Rxc1 f6 31. Nf3 Rd7 32. Rc2 Kf7 33.
Ne1 Rc7 34. Rd2 h6 35. Nc2 Kg6 36. Kd3 e5 37. Ke4 Ne7 38. f3 Rc4+ 39. Kd3 Rc5
40. Rg2 Nf5 41. h4 Rb5 42. b4 a5 43. a4 Rb6 44. b5 Rd6+ 45. Ke4 Ne7 46. f4 exf4
47. gxf4+ Kf7 48. f5 Nd5 49. Rg4 Nc3+ 50. Ke3 Nd5+ 51. Ke4 h5 52. Rg1 Nc3+ 53.
Ke3 Rd5 54. Nd4 Re5+ 55. Kd3 Nxa4 56. Rc1 Nc5+ 57. Kc4 b6 58. Rf1 Re4 59. Kd5
Rxh4 60. Rf3 Nd7 61. Nc6 a4 62. Re3 Ne5 63. Nxe5+ fxe5 64. Rxe5 a3 65. Kc6 a2
66. Re1 Rb4 67. Ra1 Rb2 68. Kxb6 Kf6 69. Kc6 Kxf5 70. b6 g5 71. b7 h4 72. Rxa2
Rxb7 73. Kxb7 h3 74. Kc6 Kg4 75. Kd5 Kg3 76. Ke4 h2 77. Ra3+ Kh4 78. Ra1 g4 79.
Kf4 g3 80. Ra8 Kh3 81. Kf3 0-1